00684nmm a2200181Ia 4500008004100000020001800041041000800059100003600067245014700103264005800250300001800308650003200326700003600358700003300394856005100427942000700478999001700485251105s9999||||xx |||||||||||||||||und|| a9789587417203 aspa aFiguera Vargas, Sorily Carolina 0aAutodeterminación indígena en Colombia: estudio jurídico-político del caso de la comunidad Mokaná de Malambo en el Caribe colombiano a[Bogotá, Colombia] :bUniversidad del Norte, c2016 a162 páginas aPolitical Science (General) aFiguera Vargas, Sorily Carolina1 a Sarmiento Erazo, Juan Pablo uhttps://public.digitaliapublishing.com/a/46693 cCF c65467d65467